000 00523ntaaa2200181 4500
003 01
005 20251027201006.0
008 0714s1973 ag 01
040 _aAR-BaBN
_bspa
_cAR-BaBN
_eaacr
_dRIC
082 _a230.098 P41t
100 _aPérez Aguirre, Luis
_96956
245 _aTeología Latinoamericana para la crísis de la vida religiosa /
_cLuis Pérez Aguirre
250 _a1 ed.
260 _aBuenos Aires :
_bGuadalupe,
_c1973
300 _a156 p.
500 _a(Colección "Esta hora del cambio")
942 _cBK
999 _c3958
_d3958